MARC

LEADER 00000nam0a2200000 4500
001 279821
005 20231101235239.0
035 |a (RuTPU)RU\TPU\book\303126 
090 |a 279821 
100 |a 20141223d1985 k y0rusy50 ca 
101 0 |a rus 
102 |a KZ 
105 |a a z 001zy 
200 1 |a Методы и средства математического моделирования процессов переноса  |e сборник научных трудов  |f Казахский государственный университет ; под ред. А. Т. Лукьянова 
210 |a Алма-Ата  |c Изд-во КГУ  |d 1985 
215 |a 161 с.  |c ил. 
320 |a Библиогр. в конце ст. 
606 1 |a Переноса явления  |x Математические исследования  |2 stltpush  |3 (RuTPU)RU\TPU\subj\48592  |9 67447 
610 1 |a математическое моделирование 
610 1 |a методы 
610 1 |a средства 
610 1 |a цифровая вычислительная техника 
610 1 |a теплофизика 
610 1 |a гидродинамика 
610 1 |a фильтрация 
610 1 |a оптимальное управление 
610 1 |a распределенные параметры 
675 |a 536.24:51  |v 4 
702 1 |a Лукьянов  |b А. Т.  |4 340 
712 0 2 |a Казахский государственный университет  |2 stltpush  |3 (RuTPU)RU\TPU\col\8922 
801 1 |a RU  |b 63413507  |c 20141223 
801 2 |a RU  |b 63413507  |c 20170420  |g RCR 
942 |c BK